Warren Buffett - Nhà đầu tư vĩ đại nhất thế giới dưới góc nhìn truyền thông Tap dancing to work

Tập hợp13 bài báo tác giả giới thiệu về cuộc đời, sự nghiệp, từ đó có cái nhìn thấu đáo về các chiến lược đầu tư, tư duy về quản lý, hoạt động từ thiện cả những nguyên tắc làm cha mẹ và quá trình dẫn đến thành công của doanh nha...

Deskribapen osoa

Gorde:
Xehetasun bibliografikoak
Egile nagusia: Loomis, Carol J
Beste egile batzuk: Kim, Phúc
Formatua: Liburua
Hizkuntza:Undetermined
Argitaratua: H. Lao động 2017
Gaiak:
Sarrera elektronikoa:http://lrc.tdmu.edu.vn/opac/search/detail.asp?aID=2&ID=33748
Etiketak: Etiketa erantsi
Etiketarik gabe, Izan zaitez lehena erregistro honi etiketa jartzen!
Thư viện lưu trữ: Trung tâm Học liệu Trường Đại học Thủ Dầu Một
LEADER 01219nam a2200229Ia 4500
001 TDMU_33748
008 210410s9999 xx 000 0 und d
082 |a 650.12 
090 |b L432 
100 |a Loomis, Carol J 
245 0 |a Warren Buffett - Nhà đầu tư vĩ đại nhất thế giới dưới góc nhìn truyền thông 
245 0 |b Tap dancing to work 
245 0 |c Carol J. Loomis ; Kim Phúc Dịch 
260 |a H. 
260 |b Lao động 
260 |c 2017 
300 |a 586 tr. 
520 |a Tập hợp13 bài báo tác giả giới thiệu về cuộc đời, sự nghiệp, từ đó có cái nhìn thấu đáo về các chiến lược đầu tư, tư duy về quản lý, hoạt động từ thiện cả những nguyên tắc làm cha mẹ và quá trình dẫn đến thành công của doanh nhân người Mỹ Warren Buffett 
650 |a Buffett, Warren  |c Doanh nhân  |d 1930- ,  |z Mỹ; Nhà đầu tư  |x Tiểu sử 
700 |a Kim, Phúc 
856 |u http://lrc.tdmu.edu.vn/opac/search/detail.asp?aID=2&ID=33748 
980 |a Trung tâm Học liệu Trường Đại học Thủ Dầu Một